ბათუმის შოთა რუსთაველის სახელმწიფო უნივერსიტეტის ბიბლიოთეკა

ევროპა როგორც მასწავლებელი, ევროპა XIX საუკუნის ქართულ პრესაში = Europe as a teacher, Europe in the 19th-century georgian press : (ბიბ.ჩანაწერი № 55589)

000 -ლიდერი
ფიქსირებული სიგრძის საკონტროლო ველი 02141nam a2200337Ia 4500
001 - საკონტროლო ნომერი
საკონტროლო ველი 22684
003 - საკონტროლო ნომრის იდენტიფიკატორი
საკონტროლო ველი GE_BSU
005 - ბოლო ოპერაციის თარიღი და დრო
საკონტროლო ველი 20230412113037.0
008 - ფიქსირებული სიგრძის მონაცემთა ელემენტები - ზოგადი ინფორმაცია
ფიქსირებული სიგრძის საკონტროლო ველი 181216s ||||ge |||||||||||||| ||geo||
020 ## - წიგნის საერთაშორისო სტანდარტული ნომერი
International Standard Book Number 9789941275456
040 ## - კატალოგიზაციის წყარო
Transcribing agency GE_BSU
041 ## - ენის კოდი
Language code of text/sound track or separate title geo
080 ## - უნივერსალური ათობითი კლასიფიკაციის ინდექსი
Universal Decimal Classification number 070(479.22)(09)+821.353.1-92 ე-35
245 ## - ცნობა სათაურის შესახებ
Title ევროპა როგორც მასწავლებელი, ევროპა XIX საუკუნის ქართულ პრესაში = Europe as a teacher, Europe in the 19th-century georgian press :
Statement of responsibility, etc რედაქტორები : გიორგი საბანაძე, ემზარ ჯგერენაია ; გამოცემაზე მუშაობდნენ : ნინო გედენიძე, ხათუნა დავითური, თეა კენჭოშვილი [და სხვ.].
264 ## - წარმოების, გამოცემის, დისტრიბუციის და სხვა ცნობები
გამოცემის, წარმოების, დისტრიბუციის... ადგილი თბილისი :
გამოცემის, წარმოების, დისტრიბუციის... სახელწოდება მერიდიანი,
გამოცემის, წარმოების, დისტრიბუციის... თარიღი 2017.
300 ## - ფიზიკური აღწერა
Extent 366 გვ. ;
Dimensions 23 სმ.
500 ## - ზოგადი შენიშვნა
General note ეძღვნება ილია ჭავჭავაძის დაბადების 180 წლისთავს
501 ## - შენიშვნა თანმხლებ მასალაზე
With note პირთა საძიებელი : გვ. 358-360
501 ## - შენიშვნა თანმხლებ მასალაზე
With note ადგილთა საძიებელი : გვ. 361-365
520 ## - SUMMARY, ETC.
Summary, etc ეძღვნება ილია ჭავჭავაძის დაბადების 180 წლისთავს.
653 ## - INDEX TERM--UNCONTROLLED
Uncontrolled term Europe as a teacher
653 ## - INDEX TERM--UNCONTROLLED
Uncontrolled term Europe in the 19th-century georgian press
653 ## - INDEX TERM--UNCONTROLLED
Uncontrolled term ევროპა როგორც მასწავლებელი
653 ## - INDEX TERM--UNCONTROLLED
Uncontrolled term ევროპა XIX საუკუნის ქართულ პრესაში
653 ## - INDEX TERM--UNCONTROLLED
Uncontrolled term ჟურნალისტიკა
653 ## - INDEX TERM--UNCONTROLLED
Uncontrolled term ქართული ჟურნალისტიკის ისტორია
700 ## - ADDED ENTRY--PERSONAL NAME
Personal name საბანაძე, გიორგი
Relator term რედაქტორი
9 (RLIN) 17625
700 ## - ADDED ENTRY--PERSONAL NAME
Personal name ჯგერენაია, ემზარ
Relator term რედაქტორი
9 (RLIN) 17626
942 ## - ADDED ENTRY ELEMENTS (KOHA)
Koha item type წიგნი
Source of classification or shelving scheme
ეგზემპლარები
ჩამოწერის სტატუსი დაკარგული ეგზემპლარის სტატუსი კლასიფიკაციის წყარო ან თაროზე გაწყობის სქემა დაზიანების სტატუსი არ გაიცემა მუდმივი მდებარეობა (დაცვის ადგილი) ამჟამინდელი ადგილსამყოფელი თაროზე განთავსების ადგილი შეძენის თარიღი ღირებულება, შესყიდვის ნორმალური ფასი სრული შენახვის შიფრი შტრიხკოდი ბოლო ოპერაციის თარიღი ეგზემპლარის მიმდევრობითი ნომერი (კეტერი?) ფასის ძალაში შესვლის თარიღი ეგზემპლარის სახეობა საჯარო შენიშვნა
          ბათუმის შოთა რუსთაველის სახელმწიფო უნივერსიტეტის მთავარი ბიბლიოთეკა ბათუმის შოთა რუსთაველის სახელმწიფო უნივერსიტეტის მთავარი ბიბლიოთეკა წიგნსაცავი 2018-12-17 5.00 070(479.22)(09)+821.353.1-92 ე-35 58085 2018-12-17 58085 2018-12-17 წიგნი 5.00 ₾.